| 000 | 00000nam 2200000za 4500 |
| 001 | 9.840468 |
| 003 | CaOODSP |
| 005 | 20221107151841 |
| 007 | cr ||||||||||| |
| 008 | 170726s1995 onc |o f|0| 0 fre d |
| 040 | |aCaOODSP|bfre |
| 043 | |an-cn--- |
| 086 | 1 |aCS16-0004/1995F-PDF |
| 100 | 1 |aSmith, Philip. |
| 245 | 14|aLes statistiques de l'environnement et les indicateurs de rendement durable |h[ressource électronique] : |ble travail de Statistique Canada / |cPhilip Smith. |
| 260 | |a[Ottawa] : |bStatistique Canada, |c1995. |
| 300 | |a25 p. |
| 500 | |aPubli. aussi en anglais sous le titre : Environmental statistics and sustainability indicators: the work of Statistics Canada. |
| 500 | |aÉdition numérisée de l'imprimé [par Statistique Canada]. |
| 504 | |aComprend des références bibliographiques. |
| 520 | |a« Un examen de l'apport de Statistique Canada aux renseignements statistiques pour fins de d'élaboration de politiques, de suivi, d'évaluation et de recherche en matière d'environnement, par rapport à des politiques gouvernementales de plus en plus axées sur le développement durable »--Titre de page. |
| 692 | 07|2gccst|aPolitique environnementale |
| 692 | 07|2gccst|aIndicateur environnemental |
| 692 | 07|2gccst|aStatistiques |
| 710 | 1 |aCanada. |bStatistique Canada. |bDivision des comptes nationaux et de l'environnement. |
| 775 | 08|tEnvironmental statistics and sustainability indicators |w(CaOODSP)9.840466 |
| 856 | 40|qPDF|s2.11 Mo|uhttps://publications.gc.ca/collections/collection_2017/statcan/CS16-0004-1995-fra.pdf |